000 00640nam a22001817a 4500
020 _qHard Cover.
082 _a621.3
100 _aUsman Ali, Baou ; Naqvi, Syed Muzahir Abbas ; Tabassum, Arfa.
245 _aSmart Gym /
_cUsman Ali, Baou ; Naqvi, Syed Muzahir Abbas ; Tabassum, Arfa.
260 _aIslamabad:
_bSEECS - NUST,
_c2019.
300 _a23 p. :
_bill. ;
_c30cm.
563 _ahbk.
650 _aElectrical Engineering BS-Project Report.
_930887
700 _aAhmad Salman.
_930900
856 _uhttp://10.250.8.41:8080/xmlui/handle/123456789/28906
942 _2ddc
_cPR
999 _c535948
_d535948